PEAK SECRETS FROM THE NEW SCIENCE OF EXP (Record no. 29357)

MARC details
000 -LEADER
fixed length control field 00334nam a2200133Ia 4500
008 - FIXED-LENGTH DATA ELEMENTS--GENERAL INFORMATION
fixed length control field 240624s9999 xx 000 0 und d
041 ## - LANGUAGE CODE
Language code of text/sound track or separate title eng
082 ## - DEWEY DECIMAL CLASSIFICATION NUMBER
Classification number 153.9 ERI
100 ## - MAIN ENTRY--PERSONAL NAME
Personal name ERICSSON ANDERS
245 ## - TITLE STATEMENT
Title PEAK SECRETS FROM THE NEW SCIENCE OF EXP
260 ## - PUBLICATION, DISTRIBUTION, ETC.
Date of publication, distribution, etc. 2017
Place of publication, distribution, etc. New York
Name of publisher, distributor, etc. Mariner
300 ## - PHYSICAL DESCRIPTION
Extent 307 p.; 20 cm.
365 ## - TRADE PRICE
Currency code RS
Holdings
Withdrawn status Lost status Damaged status Not for loan Home library Current library Shelving location Date acquired Cost, normal purchase price Total Checkouts Full call number Barcode Date last seen Date last checked out Price effective from Koha item type
        IMTN IMTN Rack 2-B 10/09/2017 543.00 3 153.9 ERI 29357 08/04/2025 07/25/2025 06/24/2024 Books
Designed & Maintained by: LRC IMT Nagpur Contact: lrc@imtnag.ac.in© 2024. All Rights Reserved.